000
00338nam a2200133Ia 4500
008
240624s9999 xx 000 0 und d
041
_a
eng
082
_a
300.72 COR
100
_a
CORTI LOUISE
245
_a
MANAGING AND SHARING RESEARCH DATA A GUI
260
_c
2014
_a
New Delhi
_b
Sage
300
_a
x, 222 p.; 23 cm.
365
_c
BPS
_b
38
999
_c
31185
_d
31185